Our Planet Powered by AI: How We Use Artificial Intelligence to Create a Sustainable Future for Humanity /

محفوظ في:
التفاصيل البيبلوغرافية
المؤلف الرئيسي: Minevich, Mark (autor)
التنسيق: كتاب
اللغة:الإنجليزية
منشور في: Hoboken, EUA : Wiley, 2024, c2024
الوصول للمادة أونلاين:Ver documento en línea
الوسوم: إضافة وسم
لا توجد وسوم, كن أول من يضع وسما على هذه التسجيلة!

MARC

LEADER 00000nam^a22000000a04500
001 000630998
005 20260416000000.0
009 20260416115642.435
020 |a 9781394180745 
037 |a Acervo ITESO - Biblioteca 
041 |a ING 
082 |a Libro en línea 
100 |a Minevich, Mark  |e (autor) 
245 1 0 |a Our Planet Powered by AI:  |b How We Use Artificial Intelligence to Create a Sustainable Future for Humanity / 
264 4 |a Hoboken, EUA :  |b Wiley,  |c 2024, c2024 
264 2 |a Hoboken, EUA :  |b Wiley [distribución],  |c 2025 
300 |a 1 libro electrónico en línea ( p.) 
300 |a 1 recurso en línea 
336 |a datos para computadora  |b cod  |2 rdacontenido 
337 |a computadora  |b c  |2 rdamedio 
338 |a recurso en línea  |b cr  |2 rdasoporte 
506 0 |a Licencias ilimitadas 
521 |a Wiley 2026 EEnlace Departamento de Electrónica, Sistemas e Informática 
567 |a Catalogación rápida 
649 |a XX 
856 4 0 |u https://ezproxy.iteso.mx/login?qurl=https%3A%2F%2Fieeexplore.ieee.org%2Fservlet%2Fopac%3Fbknumber%3D10950160  |y Ver documento en línea 
910 |a Fondo General 
920 |a Electrónicos - Libros en Línea 
930 |a Plataforma Digital 
905 |a 205 
902 |a https://opac.biblio.iteso.mx/vufind/Record/000630998